[Event "Budapest SixDays 03 IM"]
[Site "Budapest"]
[Date "2024.04.04"]
[Round "9"]
[White "Mouhamad, Joachin"]
[Black "Gu, Crystal Jiuzhou"]
[Result "1-0"]
[WhiteElo "2269"]
[BlackElo "2059"]
[PlyCount "103"]
[EventDate "2024.03.30"]
[EventType "tourn"]
[EventRounds "9"]
[EventCountry "HUN"]
[SourceTitle "CB15_2024"]
[SourceDate "2024.04.10"]
[SourceVersion "1"]
[SourceVersionDate "2024.04.10"]
[SourceQuality "1"]

1. e4 c6 2. Nf3 d5 3. Nc3 dxe4 4. Nxe4 Nf6 5. Qe2 Nxe4 6. Qxe4 Qd5 7. Qh4 Qf5 8. Bd3 Qg4 9. Qg3 Qxg3 10. hxg3 h6 11. b3 Nd7 12. Bb2 Nc5 13. Be2 Bf5 14. 0-0-0 0-0-0 15. Ne5 Be6 16. Bc4 Bxc4 17. bxc4 Rg8 18. Nxf7 Re8 19. Rde1 e6 20. Be5 Kd7 21. Rh4 Be7 22. Rd4+ Kc8 23. Nd6+ Bxd6 24. Bxd6 Nd7 25. Rf4 Nf6 26. c5 b6 27. d4 Kd7 28. c4 Rc8 29. Re3 Rcd8 30. a4 Rge8 31. Kc2 Kc8 32. Rb3 Rd7 33. Be5 Kb7 34. a5 b5 35. cxb5 cxb5 36. Bxf6 gxf6 37. Rxb5+ Kc6 38. Rb4 Rf8 39. Rh4 Rh8 40. Rb3 h5 41. Rf3 Rf7 42. Re3 Re7 43. Kd3 Kd5 44. g4 Rg8 45. Rxh5+ e5 46. dxe5 fxe5 47. f4 Rxg4 48. g3 Kxc5 49. Rhxe5+ Rxe5 50. Rxe5+ Kd6 51. Rg5 Rxg5 52. fxg5 1-0

[Event "Budapest SixDays 03 IM"]
[Site "Budapest"]
[Date "2024.04.01"]
[Round "4"]
[White "Miszler, Levente"]
[Black "Mouhamad, Joachin"]
[Result "0-1"]
[WhiteElo "2273"]
[BlackElo "2269"]
[PlyCount "132"]
[EventDate "2024.03.30"]
[EventType "tourn"]
[EventRounds "9"]
[EventCountry "HUN"]
[SourceTitle "CB15_2024"]
[SourceDate "2024.04.10"]
[SourceVersion "1"]
[SourceVersionDate "2024.04.10"]
[SourceQuality "1"]

1. d4 d5 2. c4 e6 3. Nf3 Nf6 4. g3 Be7 5. Bg2 0-0 6. 0-0 c6 7. Nc3 b6 8. Ne5 Nfd7 9. Nxd7 Nxd7 10. cxd5 cxd5 11. e4 Nf6 12. e5 Ne8 13. Be3 Bd7 14. Qe2 Nc7 15. Rfc1 a5 16. Rc2 b5 17. Rac1 Ra7 18. Nb1 b4 19. Bf1 Ba4 20. b3 Bd7 21. Qg4 Kh8 22. Bd3 a4 23. Nd2 Bb5 24. Qe2 axb3 25. Nxb3 Bxd3 26. Qxd3 Qb8 27. Bd2 Nb5 28. Nc5 Na3 29. Rb2 Nc4 30. Rxb4 Qa8 31. a4 Bxc5 32. dxc5 Rxa4 33. Rxa4 Qxa4 34. Qd4 Ra8 35. Bg5 Qa7 36. Rb1 h6 37. Bf4 Rc8 38. Ra1 Qxc5 39. Qxc5 Rxc5 40. h4 Rc7 41. Kg2 h5 42. Kf3 Rb7 43. Ra2 Rb3+ 44. Ke2 Kh7 45. Ra7 Kg6 46. Rd7 Rb2+ 47. Kf3 Rb1 48. Ke2 Ra1 49. Re7 Ra2+ 50. Kf3 Ra4 51. Rb7 Ra3+ 52. Ke2 Rc3 53. Rb4 Rc2+ 54. Kf3 Nb2 55. Be3 Nd3 56. Rb7 Nxe5+ 57. Kg2 Ng4 58. Bd4 e5 59. Rb2 Ne3+ 60. Kf3 exd4 61. Rb6+ Kf5 62. fxe3 Rc3 63. Rd6 Rxe3+ 64. Kf2 Re5 65. Rd7 Ke4 66. Rxf7 Rf5+ 0-1

[Event "Budapest One Week IM-B 02"]
[Site "Budapest"]
[Date "2024.02.26"]
[Round "1"]
[White "Mouhamad, Joachin"]
[Black "Matyassy, Lazar"]
[Result "1-0"]
[WhiteElo "2316"]
[BlackElo "2176"]
[PlyCount "117"]
[EventDate "2024.02.26"]
[EventType "tourn"]
[EventRounds "9"]
[EventCountry "HUN"]
[EventCategory "1"]
[SourceTitle "CB11_2024"]
[SourceDate "2024.03.13"]
[SourceVersion "1"]
[SourceVersionDate "2024.03.13"]
[SourceQuality "1"]

1. e4 e5 2. Nf3 Nc6 3. Bb5 Nf6 4. 0-0 Nxe4 5. Re1 Nd6 6. Nxe5 Be7 7. Bf1 Nxe5 8. Rxe5 0-0 9. d4 Bf6 10. Re2 Nf5 11. c3 d5 12. Nd2 Nd6 13. h3 Bg5 14. Nf3 Bxc1 15. Qxc1 Bf5 16. Re1 Be4 17. Qf4 Bxf3 18. Qxf3 c6 19. Qf4 Qd7 20. Bd3 Rae8 21. Kf1 Rxe1+ 22. Rxe1 Qd8 23. h4 Re8 24. Re5 h6 25. g3 a6 26. Kg2 Re7 27. Qe3 Kf8 28. g4 Re8 29. Kg3 Qb6 30. Qe2 Qc7 31. Kg2 Qd8 32. g5 hxg5 33. hxg5 Rxe5 34. Qxe5 Qe7 35. Qf4 Ke8 36. b3 f6 37. gxf6 Qxf6 38. Qg4 Kd8 39. c4 dxc4 40. bxc4 Ke7 41. a4 Kd8 42. Kg3 Nc8 43. Qf4 Qxf4+ 44. Kxf4 Nb6 45. a5 Na4 46. Ke5 c5 47. Bc2 b5 48. cxb5 axb5 49. dxc5 Nxc5 50. Kd5 Nd7 51. Kc6 b4 52. a6 Nb8+ 53. Kb7 Nxa6 54. Kxa6 Ke7 55. Kb5 Ke6 56. Kxb4 Ke5 57. Kc3 Kf4 58. Bd1 g5 59. f3 1-0

[Event "Budapest SixDays 01 IM-B"]
[Site "Budapest"]
[Date "2024.01.30"]
[Round "6"]
[White "Mouhamad, Joachin"]
[Black "Semprun Martinez, Fernando M"]
[Result "1-0"]
[WhiteElo "2316"]
[BlackElo "2071"]
[PlyCount "53"]
[EventDate "2024.01.27"]
[EventType "tourn"]
[EventRounds "9"]
[EventCountry "HUN"]
[SourceTitle "CB06_2024"]
[SourceDate "2024.02.07"]
[SourceVersion "1"]
[SourceVersionDate "2024.02.07"]
[SourceQuality "1"]

1. e4 e5 2. Nf3 Nc6 3. Bb5 a6 4. Ba4 Nf6 5. 0-0 Nxe4 6. d4 b5 7. Bb3 d5 8. dxe5 Be6 9. c3 Be7 10. Bc2 0-0 11. Nbd2 Bf5 12. Nd4 Nxd4 13. cxd4 c5 14. Nxe4 dxe4 15. d5 Qd7 16. d6 Bd8 17. Qd5 Rc8 18. Bxe4 Be6 19. Qd3 g6 20. Be3 f5 21. Bd5 f4 22. Bd2 Bb6 23. b3 Rf5 24. Rfe1 c4 25. bxc4 bxc4 26. Qf3 g5 27. Rab1 1-0

[Event "Titled Tuesday intern op 19th Dec Early"]
[Site "Chess.com INT"]
[Date "2023.12.19"]
[Round "2"]
[White "Rustemov, Alexander"]
[Black "Mouhamad, Joachin"]
[Result "1-0"]
[WhiteElo "2525"]
[BlackElo "2305"]
[PlyCount "63"]
[EventDate "2023.12.19"]
[EventType "swiss (blitz)"]
[EventRounds "11"]
[EventCountry "USA"]
[SourceTitle "CB52_2023"]
[SourceDate "2023.12.27"]
[SourceVersion "1"]
[SourceVersionDate "2023.12.27"]
[SourceQuality "1"]

1. d4 d5 2. c4 dxc4 3. Nf3 Nf6 4. e3 e6 5. Bxc4 c5 6. 0-0 a6 7. e4 cxd4 8. e5 Nd5 9. Qxd4 Nc6 10. Qe4 b5 11. Bb3 Bb7 12. Qg4 h5 13. Qg3 Nce7 14. Bg5 Qb6 15. Nbd2 Nf5 16. Qh3 f6 17. exf6 gxf6 18. Bxd5 Bxd5 19. Bxf6 Rh6 20. Bg5 Rh7 21. Rfe1 Kf7 22. Be3 Nxe3 23. Ng5+ Kg6 24. Nxh7 Ng4 25. Qd3+ Kg7 26. Re2 Bc5 27. Rf1 Rd8 28. Ng5 Rd6 29. Qh7+ Kf6 30. Nde4+ Bxe4 31. Nxe4+ Ke5 32. Nxc5+ 1-0

[Event "Titled Tuesday intern op 23rd May Early"]
[Site "Chess.com INT"]
[Date "2023.05.23"]
[Round "7"]
[White "Mouhamad, Joachin"]
[Black "Bruedigam, Martin"]
[Result "0-1"]
[WhiteElo "2238"]
[BlackElo "2381"]
[PlyCount "72"]
[EventDate "2023.05.23"]
[EventType "swiss (blitz)"]
[EventRounds "11"]
[EventCountry "USA"]
[SourceTitle "CBM 214 Extra"]
[Source "ChessBase"]
[SourceDate "2023.07.31"]
[SourceVersion "1"]
[SourceVersionDate "2023.07.31"]
[SourceQuality "1"]

1. e4 c6 2. d4 d5 3. Nc3 dxe4 4. Nxe4 Bf5 5. Ng3 Bg6 6. h4 h6 7. Nf3 Nd7 8. h5 Bh7 9. Bd3 Bxd3 10. Qxd3 e6 11. Bd2 Ngf6 12. 0-0-0 Be7 13. Kb1 0-0 14. Ne4 Nxe4 15. Qxe4 Nf6 16. Qe2 Qd5 17. Be3 Qb5 18. c4 Qf5+ 19. Ka1 a5 20. Ne5 c5 21. g4 Qh7 22. f3 cxd4 23. Bxd4 a4 24. a3 Rfc8 25. Bc3 Rc7 26. Rhe1 Ra6 27. f4 Rd6 28. Ng6 Rxd1+ 29. Rxd1 fxg6 30. Qxe6+ Kf8 31. Bb4 gxh5 32. f5 hxg4 33. Bd6 Rd7 34. Bxe7+ Rxe7 35. Rd8+ Ne8 36. Qd5 Qg8 0-1

[Event "Titled Tuesday intern op 25th Apr Early"]
[Site "Chess.com INT"]
[Date "2023.04.25"]
[Round "6"]
[White "Mouhamad, Joachin"]
[Black "Hirneise, Jens"]
[Result "0-1"]
[WhiteElo "2243"]
[BlackElo "2277"]
[PlyCount "76"]
[EventDate "2023.04.25"]
[EventType "swiss (blitz)"]
[EventRounds "11"]
[EventCountry "USA"]
[SourceTitle "EXT 2024"]
[Source "ChessBase"]
[SourceDate "2023.10.10"]
[SourceVersion "1"]
[SourceVersionDate "2023.10.10"]
[SourceQuality "1"]

1. e4 c6 2. d4 g6 3. Nc3 d5 4. Nf3 dxe4 5. Nxe4 Bg7 6. c3 Nf6 7. Nxf6+ exf6 8. Bc4 0-0 9. 0-0 Nd7 10. Re1 Nb6 11. Bb3 a5 12. a4 Nd5 13. h3 Be6 14. Bd2 Qb6 15. Ra3 Rfe8 16. c4 Nb4 17. c5 Bxb3 18. Rxb3 Qa6 19. Bxb4 axb4 20. Rxb4 f5 21. b3 Bf6 22. Rb6 Qa7 23. Rxe8+ Rxe8 24. d5 Bd8 25. a5 Bxb6 26. axb6 Qa5 27. dxc6 Qxc5 28. Qd7 Qxc6 29. Qd4 Qe4 30. Qd7 Qe7 31. Qd4 Rd8 32. Qc3 Rd1+ 33. Kh2 Qd6+ 34. g3 Qxb6 35. Kg2 Rd8 36. h4 h5 37. Ng5 Qc6+ 38. Qxc6 bxc6 0-1

[Event "Titled Tuesday intern op 25th Apr Early"]
[Site "Chess.com INT"]
[Date "2023.04.25"]
[Round "8"]
[White "Shvedova, Alexandra"]
[Black "Mouhamad, Joachin"]
[Result "0-1"]
[WhiteElo "2207"]
[BlackElo "2243"]
[PlyCount "152"]
[EventDate "2023.04.25"]
[EventType "swiss (blitz)"]
[EventRounds "11"]
[EventCountry "USA"]
[SourceTitle "EXT 2024"]
[Source "ChessBase"]
[SourceDate "2023.10.10"]
[SourceVersion "1"]
[SourceVersionDate "2023.10.10"]
[SourceQuality "1"]

1. d4 d5 2. c4 e6 3. Nf3 a6 4. cxd5 exd5 5. Nc3 Nf6 6. Bg5 Be6 7. Qb3 Ra7 8. e3 c6 9. Bd3 Nbd7 10. 0-0 Be7 11. Qc2 0-0 12. Rab1 a5 13. a3 g6 14. Rfe1 Bg4 15. Nd2 Ra8 16. f3 Be6 17. b4 axb4 18. axb4 b6 19. e4 c5 20. exd5 Nxd5 21. Bxe7 Nxe7 22. Nb5 Ra2 23. Rb2 Rxb2 24. Qxb2 Nd5 25. bxc5 bxc5 26. dxc5 Nxc5 27. Bc4 Nf4 28. Bxe6 Nfxe6 29. Rb1 Qd3 30. Nf1 Rb8 31. Qb4 h5 32. Nd2 Rxb5 33. Qxb5 Qxd2 34. Qb8+ Kh7 35. Qe5 Qd4+ 36. Qxd4 Nxd4 37. Rd1 Nce6 38. Kf2 g5 39. g3 Kg6 40. Rd2 g4 41. fxg4 hxg4 42. Rd3 f5 43. Rd2 Nf3 44. Rd6 Kf7 45. h3 Nfg5 46. Rd5 Nxh3+ 47. Ke3 Kf6 48. Ra5 Nhg5 49. Ra6 Nf7 50. Rb6 Ne5 51. Kf2 Nf7 52. Ra6 Nfg5 53. Rb6 Ne4+ 54. Kg2 Ke5 55. Rb5+ N6c5 56. Rb8 Kd4 57. Rd8+ Ke5 58. Re8+ Ne6 59. Ra8 Kf6 60. Ra5 Ng7 61. Ra6+ Kg5 62. Ra7 Nh5 63. Ra6 Nhxg3 64. Ra5 Kf4 65. Ra4 Nh5 66. Rb4 Kg5 67. Rb8 Nhf6 68. Ra8 f4 69. Ra5+ Kh4 70. Ra8 f3+ 71. Kg1 g3 72. Kf1 Kg4 73. Kg1 Kf4 74. Rf8 Ke3 75. Kf1 g2+ 76. Kg1 Ke2 0-1

[Event "Titled Tuesday intern op 18th Apr Early"]
[Site "Chess.com INT"]
[Date "2023.04.18"]
[Round "2"]
[White "Mouhamad, Joachin"]
[Black "Ardila, Oscar Humberto"]
[Result "0-1"]
[WhiteElo "2243"]
[BlackElo "1982"]
[PlyCount "46"]
[EventDate "2023.04.18"]
[EventType "swiss (blitz)"]
[EventRounds "11"]
[EventCountry "USA"]
[SourceTitle "EXT 2024"]
[Source "ChessBase"]
[SourceDate "2023.10.10"]
[SourceVersion "1"]
[SourceVersionDate "2023.10.10"]
[SourceQuality "1"]

1. e4 e5 2. Nf3 Nf6 3. d4 Nxe4 4. Bd3 d5 5. Nxe5 Nf6 6. 0-0 Be7 7. c4 dxc4 8. Bxc4 0-0 9. Nc3 Nbd7 10. Qb3 Nxe5 11. dxe5 Ng4 12. e6 Qd6 13. exf7+ Kh8 14. g3 Ne5 15. Bf4 Bh3 16. Bxe5 Qxe5 17. Rfe1 Qf6 18. Nd5 Qc6 19. Rxe7 Rad8 20. Rxc7 Qd6 21. Qxb7 Rb8 22. Qc6 Qe5 23. b3 Qxa1+ 0-1

[Event "Titled Tuesday intern op 18th Apr Early"]
[Site "Chess.com INT"]
[Date "2023.04.18"]
[Round "6"]
[White "Mouhamad, Joachin"]
[Black "Matinian, Nikita"]
[Result "0-1"]
[WhiteElo "2243"]
[BlackElo "2407"]
[PlyCount "68"]
[EventDate "2023.04.18"]
[EventType "swiss (blitz)"]
[EventRounds "11"]
[EventCountry "USA"]
[SourceTitle "EXT 2024"]
[Source "ChessBase"]
[SourceDate "2023.10.10"]
[SourceVersion "1"]
[SourceVersionDate "2023.10.10"]
[SourceQuality "1"]

1. e4 c5 2. Nf3 e6 3. d4 cxd4 4. Nxd4 Nc6 5. Nc3 Qc7 6. Be3 a6 7. Qd2 Nf6 8. 0-0-0 b5 9. Nxc6 Qxc6 10. f3 Bb7 11. Kb1 Rc8 12. g4 h6 13. h4 d5 14. e5 Nd7 15. Bd4 Nb6 16. Rh2 b4 17. Ne4 dxe4 18. Bxb6 Be7 19. Bd4 exf3 20. Bd3 Rd8 21. Be3 Qc7 22. Bf4 Be4 23. Qe3 Bxd3 24. cxd3 Qc6 25. Rc2 Qd5 26. Rc7 Bxh4 27. g5 f2 28. gxh6 gxh6 29. Rcc1 Rg8 30. Bxh6 Rg3 31. Qe2 Rxd3 32. Rxd3 Qxd3+ 33. Qxd3 Rxd3 34. Rf1 Rg3 0-1

[Event "Titled Tuesday intern op 18th Apr Early"]
[Site "Chess.com INT"]
[Date "2023.04.18"]
[Round "10"]
[White "Mouhamad, Joachin"]
[Black "Mazurkiewicz, Michal"]
[Result "0-1"]
[WhiteElo "2243"]
[BlackElo "2145"]
[PlyCount "112"]
[EventDate "2023.04.18"]
[EventType "swiss (blitz)"]
[EventRounds "11"]
[EventCountry "USA"]
[SourceTitle "EXT 2024"]
[Source "ChessBase"]
[SourceDate "2023.10.10"]
[SourceVersion "1"]
[SourceVersionDate "2023.10.10"]
[SourceQuality "1"]

1. e4 d6 2. d4 Nf6 3. Nc3 c6 4. a4 e5 5. Nf3 Qc7 6. Bc4 Be7 7. 0-0 0-0 8. h3 a5 9. Ba2 Nbd7 10. Re1 Re8 11. Be3 Bf8 12. dxe5 dxe5 13. Qd2 Nc5 14. Ng5 Ne6 15. Rad1 h6 16. Nxe6 Bxe6 17. Bxe6 Rxe6 18. f3 Bb4 19. Qd3 Rd6 20. Qc4 Rad8 21. Rxd6 Rxd6 22. Rd1 Rxd1+ 23. Nxd1 Nh5 24. Qd3 Nf4 25. Bxf4 exf4 26. Kf1 Bc5 27. Nc3 Qb6 28. b3 Bg1 29. Nd1 Bh2 30. Ke1 Qg1+ 31. Qf1 Bg3+ 32. Ke2 Qd4 33. c3 Qb6 34. Kd2 Qxb3 35. Qd3 Qa2+ 36. Qc2 Be1+ 37. Kc1 Qa1+ 38. Qb1 Qxa4 39. Qxb7 Qa1+ 40. Kc2 Qa2+ 41. Kd3 Qe6 42. Qb1 Kh7 43. Ke2 Bg3 44. Qd3 a4 45. e5+ g6 46. Qd4 a3 47. c4 a2 48. Kd3 Be1 49. Qa1 Bb4 50. Qxa2 Qxe5 51. Qe2 Qd6+ 52. Kc2 Bc5 53. Qd3 Bd4 54. Nc3 c5 55. Nb5 Qa6 56. Nxd4 Qa2+ 0-1